| 000 | 02126nam1a2200385 i 4500 | ||
|---|---|---|---|
| 001 | RU\NLR\bibl\532144 | ||
| 005 | 20260406111212.0 | ||
| 035 | _a(NLR Aleph) 000524441 | ||
| 090 |
_a1313614 _c1313614 |
||
| 100 | _a20040622g20049999u y0rusy50 ca | ||
| 101 | 0 | _arus | |
| 102 | _aRU | ||
| 105 | _a||||z ||||| | ||
| 200 | 1 |
_aОсновы диагностики и частной патологии печени, селезенки и желчевыводящей системы _eДля студентов-медиков III курса спец. "Лечеб. дело", "Стоматология" _eРабочая тетр. _fЖ.Д. Кобалава, Л.Г. Ежова |
|
| 210 |
_aМ. _cИзд-во РУДН _d2004 |
||
| 215 | _d21 | ||
| 463 | 0 | _1001521314 | |
| 606 |
_aПечень _jРуководства, пособия и т.п. _xБолезни _9923276 _3RU\NLR\auth\6619969 |
||
| 606 |
_aПечень _jУчебные издания для высших учебных заведений _xБолезни _9923276 _3RU\NLR\auth\6619969 |
||
| 606 | 0 |
_aЖелчные пути _jРуководства, пособия и т.п. _xБолезни _9957666 _3RU\NLR\auth\6638218 |
|
| 606 | 0 |
_aЖелчные пути _jУчебные издания для высших учебных заведений _xБолезни _9957666 _3RU\NLR\auth\6638218 |
|
| 606 | 0 |
_aСелезенка _jРуководства, пособия и т.п. _xБолезни _9990111 _3RU\NLR\auth\6655924 |
|
| 606 | 0 |
_aСелезенка _jУчебные издания для высших учебных заведений _xБолезни _9990111 _3RU\NLR\auth\6655924 |
|
| 686 | _aР413.51я73-5 | ||
| 686 | _aР457.465.352я73-5 | ||
| 686 | _aР411.8я73-5 | ||
| 700 | 1 |
_4070 _7ca _8rus _aКобалава _bЖ. Д. _f1958- _gЖанна Давидовна _3RU\NLR\auth\77118835 _9101760 |
|
| 701 | 1 |
_aЕжова _bЛ. Г. _gЛюдмила Георгиевна _4070 |
|
| 801 | 0 |
_aRU _bNLR _c20040622 _gPSBO |
|
| 801 | 1 |
_aRU _bNLR _c20040622 |
|
| 830 | _aавт. по кн. | ||
| 852 |
_aNLR _j2004-4/9974 |
||
| 942 | _cBOOK | ||